XML & SQL : design, build & manage XML applications in Java, C, C++ & PL/SQL / | Oracle Database 10g : (Record no. 538)
[ view plain ]
| 000 -LEADER | |
|---|---|
| fixed length control field | 01328nac a22003011u 4500 |
| 090 ## - LOCALLY ASSIGNED LC-TYPE CALL NUMBER (OCLC); LOCAL CALL NUMBER (OCLC) | |
| -- | 538 |
| 008 - FIXED-LENGTH DATA ELEMENTS--GENERAL INFORMATION | |
| fixed length control field | 081106t xxu||||| |||| 00| 0 eng d |
| 020 ## - INTERNATIONAL STANDARD BOOK NUMBER | |
| International Standard Book Number | 0072229527 (pbk.) |
| 020 ## - INTERNATIONAL STANDARD BOOK NUMBER | |
| International Standard Book Number | 0070590265 |
| 082 ## - DEWEY DECIMAL CLASSIFICATION NUMBER | |
| Classification number | 005.7575 |
| Item number | S2856 |
| 100 ## - MAIN ENTRY--PERSONAL NAME | |
| Personal name | Scardina, Mark V. |
| 245 10 - TITLE STATEMENT | |
| Title | XML & SQL : design, build & manage XML applications in Java, C, C++ & PL/SQL / |
| -- | Oracle Database 10g : |
| Statement of responsibility, etc | Mark V. Scardina, Ben Chang, Jinyu Wang. |
| 246 3# - VARYING FORM OF TITLE | |
| Title proper/short title | Oracle Database ten g |
| 246 3# - VARYING FORM OF TITLE | |
| Title proper/short title | XML & SQL, design, build & manage XML applications in Java, C, C++ & PL/SQL |
| 246 3# - VARYING FORM OF TITLE | |
| Title proper/short title | XML and SQL, design, build and manage XML applications in Java, C, C++, and PL/SQL |
| 260 ## - PUBLICATION, DISTRIBUTION, ETC. (IMPRINT) | |
| Place of publication, distribution, etc | London : |
| Name of publisher, distributor, etc | McGraw-Hill, |
| Date of publication, distribution, etc | 2004. |
| 300 ## - PHYSICAL DESCRIPTION | |
| Extent | xxi, 572 p. |
| Other physical details | ill. ; |
| Dimensions | 24 cm. |
| 500 ## - GENERAL NOTE | |
| General note | "Oracle Press"--T.p. |
| 500 ## - GENERAL NOTE | |
| General note | "All the code in the book will be downloadable from the Oracle Press web site"--P. xx. |
| 500 ## - GENERAL NOTE | |
| General note | Formerly CIP. |
| -- | 5 Uk |
| 504 ## - BIBLIOGRAPHY, ETC. NOTE | |
| Bibliography, etc | Includes bibliographical references and index. |
| 650 ## - SUBJECT ADDED ENTRY--TOPICAL TERM | |
| Topical term or geographic name as entry element | XML (Document markup language) |
| 650 ## - SUBJECT ADDED ENTRY--TOPICAL TERM | |
| Topical term or geographic name as entry element | Database management. |
| 700 ## - ADDED ENTRY--PERSONAL NAME | |
| Personal name | Chang, Ben. |
| 700 ## - ADDED ENTRY--PERSONAL NAME | |
| Personal name | Wang, Jinyu. |
| 942 ## - ADDED ENTRY ELEMENTS (KOHA) | |
| Item type | Book - Borrowing |
| Call number prefix | 005.7575S2856 |
| Source of classification or shelving scheme | Dewey Decimal Classification |
| Withdrawn status | Item status | Damaged status | Not for loan | Home library | Current library | Shelving location | Date acquired | Source of acquisition | Total Checkouts | Total Renewals | Full call number | Barcode | Date last seen | Date last borrowed | Koha item type |
|---|---|---|---|---|---|---|---|---|---|---|---|---|---|---|---|
| Central Library | Central Library | Lower Floor | 09/05/2007 | Purchase | 1 | 7 | 005.7575 SCA | 000004081 | 15/07/2025 | 22/03/2012 | Book - Borrowing |